Los 15 paises mas pequeños del mundo - Estadísticas

Estadísticas generales
  • Esta prueba ha sido intentada 126 veces
  • La puntuación promedio es 12 de 15
Estadísticas de respuestas
Hint Respuesta % Correcto
Europa Ciudad del vaticano
98%
Europa Mónaco
96%
Europa San marino
91%
Europa Liechtenstein
88%
Oceania Tuvalu
87%
Oceania Nauru
86%
America San Vicente y las granadinas
82%
America Granada
80%
America San Cristóbal y nieves
80%
America Antigua y Barbuda
79%
Europa Malta
78%
America Barbados
75%
Oceania Islas marshall
72%
Africa Seychelles
70%
Asia Maldivas
60%
No se encontraron pruebas coincidentes
Distribución de puntuación
Porcentaje de gente con cada puntuación
Porcentaje por número respondido
Historial de tus puntuaciones
No has intentado esta prueba.